[Event "SG Ennepe-Ruhr-SÃ¼d 1 - Oberhausener SV"]
[Site "Oberliga NRW 2016/2017"]
[Date "2017.01.22"]
[Round "5.7"]
[White "Ciornei, Dragos"]
[Black "Bruchmann, Norbert"]
[Result "1/2-1/2"]
[WhiteElo "2127"]
[BlackElo "1999"]
[PlyCount "60"]
[EventDate "2017.??.??"]
[WhiteTeam "Oberhausener SV 1"]
[BlackTeam "SG Ennepe-Ruhr-SÃ¼d 1"]

1. e4 e6 2. d4 d5 3. Nd2 Nf6 4. e5 Nfd7 5. c3 c5 6. Bd3 b6 7. Ne2 Ba6 8. Bxa6
Nxa6 9. Nf4 Be7 10. a3 Nc7 11. Qg4 g6 12. h4 h5 13. Qg3 Nb8 14. Nf3 Nc6 15. Ne2
Qd7 16. Bg5 Bxg5 17. Qxg5 Ne7 18. O-O c4 19. Ng3 O-O-O 20. Qf4 Nc6 21. Ng5 Rdf8
22. Rfe1 Na5 23. Rad1 b5 24. Re3 Nc6 25. Rf3 Nd8 26. Qe3 Ne8 27. Rf4 Ng7 28.
Rf6 Ne8 29. Rf4 Ng7 30. Rf6 Ne8 1/2-1/2

[Event "SG Ennepe-Ruhr-SÃ¼d 1 - Oberhausener SV"]
[Site "Oberliga NRW 2016/2017"]
[Date "2017.01.22"]
[Round "5.8"]
[White "Schaefer, Martin"]
[Black "Voge, Andreas"]
[Result "0-1"]
[WhiteElo "1918"]
[BlackElo "2083"]
[PlyCount "86"]
[EventDate "2017.??.??"]
[WhiteTeam "SG Ennepe-Ruhr-SÃ¼d 1"]
[BlackTeam "Oberhausener SV 1"]

1. d4 Nf6 2. c4 c5 3. d5 b5 4. Nf3 g6 5. cxb5 a6 6. b6 Bg7 7. a4 Qxb6 8. a5
Qb4+ 9. Bd2 Qxb2 10. Bc3 Qb7 11. e4 O-O 12. Nbd2 d6 13. Bd3 Bd7 14. Rb1 Bb5 15.
Qb3 Qd7 16. Bxb5 axb5 17. Qxb5 Qg4 18. O-O Nxd5 19. Bxg7 Nf4 20. g3 Kxg7 21.
Kh1 Ne6 22. Ra1 Na6 23. Qb7 c4 24. Rfc1 Nac5 25. Qxe7 Nb3 26. Kg2 Nxa1 27. Rxa1
c3 28. Nc4 Nf4+ 29. Kf1 Qxf3 30. gxf4 Qxf4 31. Ne3 Rfe8 32. Qc7 Rac8 33. Qd7
Qxe4 34. Ra4 Qe6 35. Qb7 c2 36. Qb2+ Kg8 37. Qc1 Qb3 38. Ra1 d5 39. Ng4 Qc3 40.
Kg2 h5 41. Nh6+ Kg7 42. Ra3 Qxa3 43. Qg5 Qd3 0-1

[Event "SV Dinslaken 1 - SV Wattenscheid 1"]
[Site "Oberliga NRW 2016/2017"]
[Date "2017.01.22"]
[Round "5.1"]
[White "Koscielski, Janusz"]
[Black "Sielecki, Christof"]
[Result "1/2-1/2"]
[WhiteElo "2256"]
[BlackElo "2399"]
[PlyCount "38"]
[EventDate "2017.??.??"]
[WhiteTeam "SV Wattenscheid 1"]
[BlackTeam "SV Dinslaken 1"]

1. e4 e5 2. Nf3 Nc6 3. Nc3 Nf6 4. Bb5 Bb4 5. O-O O-O 6. d3 Bxc3 7. bxc3 d6 8.
Bxc6 bxc6 9. Bg5 Qe7 10. Nd2 h6 11. Be3 Ng4 12. Qe2 f5 13. exf5 Bxf5 14. f3 Nf6
15. Ne4 Nd5 16. c4 Nxe3 17. Qxe3 c5 18. Rab1 Rab8 19. Nc3 Be6 1/2-1/2

[Event "SV Dinslaken 1 - SV Wattenscheid 1"]
[Site "Oberliga NRW 2016/2017"]
[Date "2017.01.22"]
[Round "5.2"]
[White "Tereick, Benjamin"]
[Black "Thiel, Thomas"]
[Result "1/2-1/2"]
[WhiteElo "2405"]
[BlackElo "2263"]
[Annotator "Daniel"]
[PlyCount "80"]
[EventDate "2017.??.??"]
[WhiteTeam "SV Dinslaken 1"]
[BlackTeam "SV Wattenscheid 1"]

1. c4 c5 2. Nf3 Nc6 3. Nc3 Nf6 4. g3 e6 5. Bg2 d5 6. cxd5 exd5 7. d4 cxd4 8.
Nxd4 Be7 9. O-O O-O 10. b3 Re8 11. Bb2 Bc5 12. Nxc6 bxc6 13. Na4 Bd6 14. Rc1
Bg4 15. Re1 Rc8 16. a3 a5 17. f3 Bf5 18. e4 dxe4 19. fxe4 Bg4 20. Qd4 c5 21.
Qd2 Qc7 22. Bc3 c4 23. e5 Bxe5 24. Bxe5 Rxe5 25. Rxc4 Qa7+ 26. Kh1 Rxe1+ 27.
Qxe1 Re8 28. Qd2 Qe3 29. Qxe3 Rxe3 30. h3 Be6 31. Rc5 Rxb3 32. Rxa5 h5 33. Nc5
$11 Rxg3 34. Ra8+ Kh7 35. Nxe6 fxe6 36. Kh2 Re3 37. a4 Nd5 38. Rf8 Kg6 39. Bxd5
exd5 40. Rd8 Ra3 1/2-1/2

[Event "SV Dinslaken 1 - SV Wattenscheid 1"]
[Site "Oberliga NRW 2016/2017"]
[Date "2017.01.22"]
[Round "5.3"]
[White "Franke, Johannes"]
[Black "Trella, Thomas"]
[Result "1/2-1/2"]
[WhiteElo "2262"]
[BlackElo "2368"]
[PlyCount "27"]
[EventDate "2017.??.??"]
[WhiteTeam "SV Wattenscheid 1"]
[BlackTeam "SV Dinslaken 1"]

1. e4 e6 2. d3 d5 3. Nd2 Nf6 4. Ngf3 c5 5. g3 Nc6 6. Bg2 g6 7. O-O Bg7 8. exd5
Nxd5 9. Ne4 b6 10. Bg5 f6 11. c4 Nc7 12. Be3 e5 13. a3 a5 14. Qa4 1/2-1/2

[Event "SV Dinslaken 1 - SV Wattenscheid 1"]
[Site "Oberliga NRW 2016/2017"]
[Date "2017.01.22"]
[Round "5.4"]
[White "Mundorf, Johannes"]
[Black "Sandkamp, Ralph"]
[Result "1-0"]
[WhiteElo "2207"]
[BlackElo "2168"]
[PlyCount "57"]
[EventDate "2017.??.??"]
[WhiteTeam "SV Dinslaken 1"]
[BlackTeam "SV Wattenscheid 1"]

1. Nf3 Nf6 2. g3 g6 3. b3 Bg7 4. Bb2 O-O 5. Bg2 d6 6. d4 Nbd7 7. O-O e5 8. dxe5
Ng4 9. Qd2 Ngxe5 10. c4 Nc5 11. Nxe5 Bxe5 12. Nc3 a5 13. Rad1 Bd7 14. Ba3 Bc6
15. Bxc6 bxc6 16. Bxc5 dxc5 17. Qxd8 Rfxd8 18. Na4 Rxd1 19. Rxd1 Bd6 20. f4 f6
21. Kf2 Kf7 22. Kf3 f5 23. g4 Ke6 24. gxf5+ Kxf5 25. e3 Rf8 26. Rg1 Be7 27.
Nxc5 g5 28. e4+ Kg6 29. Ne6 1-0

[Event "SV Dinslaken 1 - SV Wattenscheid 1"]
[Site "Oberliga NRW 2016/2017"]
[Date "2017.01.22"]
[Round "5.5"]
[White "Kaehmann, Joerg"]
[Black "Walter, Andreas"]
[Result "1/2-1/2"]
[WhiteElo "2186"]
[BlackElo "2123"]
[Annotator "Daniel"]
[PlyCount "56"]
[EventDate "2017.??.??"]
[WhiteTeam "SV Wattenscheid 1"]
[BlackTeam "SV Dinslaken 1"]

1. Nf3 d5 2. g3 g6 3. Bg2 Bg7 4. d4 Nf6 5. c4 dxc4 6. Qc2 O-O 7. Qxc4 Nc6 8.
O-O Be6 9. Qd3 Nb4 10. Qd1 Bxa2 11. Nc3 Bc4 12. Ne5 Ba6 13. Qb3 Qxd4 14. Bf4
Qb6 15. Na4 Qb5 16. Nc3 Qb6 $11 17. Be3 c5 18. Na4 Qe6 19. Qxe6 fxe6 20. Nxc5
Nfd5 21. Nxa6 bxa6 22. Nd3 Nc2 23. Bxd5 exd5 24. Rxa6 Nxe3 25. fxe3 Rxf1+ 26.
Kxf1 Bh6 27. Nf4 Bxf4 28. exf4 Kf7 1/2-1/2

[Event "SV Dinslaken 1 - SV Wattenscheid 1"]
[Site "Oberliga NRW 2016/2017"]
[Date "2017.01.22"]
[Round "5.6"]
[White "Ossig, Rainer"]
[Black "Hirsch, Stefan"]
[Result "1-0"]
[WhiteElo "2138"]
[BlackElo "2158"]
[PlyCount "99"]
[EventDate "2017.??.??"]
[WhiteTeam "SV Dinslaken 1"]
[BlackTeam "SV Wattenscheid 1"]

1. Nf3 Nf6 2. g3 g6 3. b3 Bg7 4. Bb2 O-O 5. Bg2 c5 6. c4 Nc6 7. O-O d6 8. d4
cxd4 9. Nxd4 Bd7 10. Qd2 a6 11. Rd1 Rb8 12. Nc3 Qa5 13. Nxc6 Bxc6 14. Nd5 Qd8
15. Nxf6+ Bxf6 16. Bxf6 Bxg2 17. Kxg2 exf6 18. Qxd6 f5 19. Qxd8 Rfxd8 20. Kf3
Kf8 21. Rd3 Re8 22. Rad1 Re7 23. Rd8+ Rxd8 24. Rxd8+ Kg7 25. e3 Rc7 26. Ke2 Kf6
27. Kd3 Ke6 28. Kd4 Ke7 29. Rd5 Rc8 30. a4 h5 31. h4 Rc6 32. b4 Rc8 33. c5 Rc6
34. b5 axb5 35. axb5 Rc8 36. Rd6 Ra8 37. Rb6 Rd8+ 38. Ke5 Rd7 39. Rd6 Rc7 40.
Kd5 Rc8 41. c6 bxc6+ 42. Rxc6 Rd8+ 43. Kc5 Rd2 44. b6 Kd7 45. Rc7+ Kd8 46. Rxf7
Kc8 47. Rg7 Rc2+ 48. Kd5 Rxf2 49. Rxg6 Rf3 50. Kc6 1-0

[Event "SV Dinslaken 1 - SV Wattenscheid 1"]
[Site "Oberliga NRW 2016/2017"]
[Date "2017.01.22"]
[Round "5.7"]
[White "Schroeder, Wilfried"]
[Black "Hoenig, Alexander"]
[Result "0-1"]
[WhiteElo "2164"]
[BlackElo "2133"]
[PlyCount "49"]
[EventDate "2017.??.??"]
[WhiteTeam "SV Wattenscheid 1"]
[BlackTeam "SV Dinslaken 1"]

1. c4 c6 2. Nf3 Nf6 3. g3 d5 4. Bg2 Bf5 5. O-O e6 6. cxd5 Bxb1 7. Rxb1 cxd5 8.
Qb3 Qb6 9. Qxb6 axb6 10. a3 Nc6 11. d3 Be7 12. Be3 b5 13. Rfc1 b4 14. Nd4 Kd7
15. axb4 Bxb4 16. Nb3 Kd6 17. Bc5+ Bxc5 18. Nxc5 b6 19. Nb3 Rhc8 20. f4 Kd7 21.
Bf3 Ra7 22. Kf2 Rac7 23. Rc3 Ne8 24. Rbc1 Nd6 25. Nd4 0-1

[Event "SV Dinslaken 1 - SV Wattenscheid 1"]
[Site "Oberliga NRW 2016/2017"]
[Date "2017.01.22"]
[Round "5.8"]
[White "Borchert, Rene"]
[Black "Gohla, Ulf"]
[Result "1/2-1/2"]
[WhiteElo "2115"]
[BlackElo "2100"]
[PlyCount "45"]
[EventDate "2017.??.??"]
[WhiteTeam "SV Dinslaken 1"]
[BlackTeam "SV Wattenscheid 1"]

1. e4 e5 2. Nf3 Nc6 3. Bc4 Bc5 4. c3 Nf6 5. d4 exd4 6. cxd4 Bb4+ 7. Nbd2 Nxe4
8. d5 Ne7 9. O-O Nxd2 10. Nxd2 O-O 11. a3 Bxd2 12. Bxd2 d6 13. Rc1 c5 14. dxc6
bxc6 15. Bg5 d5 16. Bd3 f6 17. Bf4 a5 18. Re1 Rf7 19. Qc2 g6 20. Qc5 Bd7 21.
Re2 Bf5 22. Bxf5 Nxf5 23. Re6 1/2-1/2

[Event "SG Porz 2 - SK KÃ¶nigsspringer Iserlohn"]
[Site "Oberliga NRW 2016/2017"]
[Date "2017.01.22"]
[Round "5.1"]
[White "Scheider, Julian"]
[Black "Rotstein, Arkadij"]
[Result "0-1"]
[WhiteElo "2292"]
[BlackElo "2480"]
[PlyCount "206"]
[EventDate "2017.??.??"]
[WhiteTeam "SK KÃ¶nigsspringer Iserlohn 1"]
[BlackTeam "SG Porz 2"]

1. e4 c6 2. d4 d5 3. exd5 cxd5 4. c4 Nf6 5. Nc3 Nc6 6. Nf3 Be6 7. c5 g6 8. Bb5
Bg7 9. Ne5 Bd7 10. Nxd7 Nxd7 11. Be3 O-O 12. O-O Nxc5 13. Bxc6 bxc6 14. dxc5 d4
15. Bg5 dxc3 16. bxc3 Bxc3 17. Rc1 Bb2 18. Rb1 Bd4 19. Bxe7 Bxf2+ 20. Rxf2 Qxe7
21. Qd6 Qe4 22. Rd1 Rae8 23. h3 Re6 24. Qf4 Qe5 25. Rd7 Qxc5 26. Rxf7 Qxf2+ 27.
Qxf2 Rxf7 28. Qc5 h5 29. Kh2 Kh7 30. Qc4 Rfe7 31. Qc5 Rd7 32. Qc4 Red6 33. Qc5
Kg7 34. Qc3+ Kf7 35. Qc4+ Ke7 36. Qc5 Kd8 37. a4 Kc8 38. Kg1 Kb7 39. Qb4+ Kc8
40. Qc5 Rd1+ 41. Kh2 R1d6 42. Kg1 Kd8 43. Kh2 Ke8 44. Qe5+ Kf7 45. Qc5 Kg7 46.
Qe5+ Kh7 47. Qc5 Re6 48. Qc4 Rf6 49. Qc5 Kg7 50. Qe5 Rdf7 51. Kg1 Kh7 52. Kh2
Rf5 53. Qd6 c5 54. Qc6 Kg7 55. Qd6 Kh6 56. Qc6 Kh7 57. Kg1 Re7 58. Qd6 Re1+ 59.
Kh2 Re2 60. Qd7+ Kh6 61. Qxa7 Rg5 62. Qa8 Rgxg2+ 63. Qxg2 Rxg2+ 64. Kxg2 c4 65.
a5 c3 66. a6 c2 67. a7 c1=Q 68. a8=Q Qd2+ 69. Kg1 Kg5 70. Qf3 Kh4 71. Kh1 Qe1+
72. Kg2 Qd2+ 73. Kh1 Qc1+ 74. Kg2 Qc2+ 75. Kg1 Qf5 76. Qg2 Qg5 77. Kh1 Qc1+ 78.
Kh2 Qf4+ 79. Kh1 g5 80. Qf2+ Kxh3 81. Qe3+ Kg4 82. Qe6+ Kf3 83. Qh3+ Ke2 84.
Qg2+ Ke3 85. Qg1+ Ke4 86. Qb1+ Ke5 87. Qb8+ Kd4 88. Qh8+ Ke3 89. Qc3+ Ke2 90.
Qc2+ Ke1 91. Qf2+ Kd1 92. Qg1+ Ke2 93. Qg2+ Ke3 94. Qg1+ Kd2 95. Qg2+ Kd3 96.
Qh3+ Ke4 97. Qe6+ Qe5 98. Qg6+ Qf5 99. Qe8+ Kf4 100. Qxh5 Qd5+ 101. Kg1 Qd4+
102. Kf1 Qd3+ 103. Kf2 Qe3+ 0-1

[Event "SG Porz 2 - SK KÃ¶nigsspringer Iserlohn"]
[Site "Oberliga NRW 2016/2017"]
[Date "2017.01.22"]
[Round "5.2"]
[White "Malykin, Vitaly"]
[Black "Schmitz, Philipp"]
[Result "1-0"]
[WhiteElo "2367"]
[BlackElo "2150"]
[PlyCount "35"]
[EventDate "2017.??.??"]
[WhiteTeam "SG Porz 2"]
[BlackTeam "SK KÃ¶nigsspringer Iserlohn 1"]

1. Nf3 Nf6 2. c4 c5 3. Nc3 d5 4. cxd5 Nxd5 5. d4 cxd4 6. Qxd4 Nxc3 7. Qxc3 Nc6
8. e4 Bg4 9. Bb5 Rc8 10. Be3 Bxf3 11. gxf3 a6 12. Rd1 Qc7 13. Ba4 e6 14. O-O
Bd6 15. Bxc6+ bxc6 16. Rxd6 Qxd6 17. Bc5 Qf4 18. Qxg7 1-0

[Event "SG Porz 2 - SK KÃ¶nigsspringer Iserlohn"]
[Site "Oberliga NRW 2016/2017"]
[Date "2017.01.22"]
[Round "5.3"]
[White "Eckardt, Joshua"]
[Black "Korotkjevich, Stanislav"]
[Result "0-1"]
[WhiteElo "2203"]
[BlackElo "2354"]
[Annotator "Daniel"]
[PlyCount "96"]
[EventDate "2017.??.??"]
[WhiteTeam "SK KÃ¶nigsspringer Iserlohn 1"]
[BlackTeam "SG Porz 2"]

1. d4 d6 2. Nf3 Bg4 3. c4 Bxf3 4. exf3 g6 5. Nc3 Bg7 6. Be3 e6 7. Qb3 Qc8 8. h4
Nf6 9. Be2 Nbd7 10. g4 h5 11. O-O-O a6 12. Kb1 Rb8 13. Qc2 b6 14. Rde1 Qb7 15.
d5 exd5 16. g5 Ng8 17. Nxd5 c6 18. Nc3 Ne7 19. Bd3 O-O 20. Bf4 Ne5 21. Ne4 Qc7
22. Nf6+ Kh8 23. Bxe5 dxe5 24. Qc3 $11 Rbd8 25. Bc2 Rd4 26. Qe3 Ng8 27. Nxg8
Kxg8 28. Qe2 Rfd8 29. Rd1 b5 30. cxb5 axb5 31. Be4 Qb6 32. Rc1 c5 33. Rc2 c4
34. Rhc1 Bf8 35. Qe1 Bc5 36. Ka1 R4d6 37. Qc3 Bd4 38. Qb4 Bxf2 39. a4 Be3 40.
Rh1 bxa4 41. Rxc4 Bd4 42. Qa3 Rb8 43. Rb1 Qb3 44. Rxa4 Rdb6 45. Qxb3 Rxb3 46.
Ka2 Rxb2+ 47. Rxb2 Rxb2+ 48. Ka3 Rh2 0-1

[Event "SG Porz 2 - SK KÃ¶nigsspringer Iserlohn"]
[Site "Oberliga NRW 2016/2017"]
[Date "2017.01.22"]
[Round "5.5"]
[White "Messarius, Juergen"]
[Black "Pauly, Carlo"]
[Result "1-0"]
[WhiteElo "2137"]
[BlackElo "2218"]
[Annotator "Daniel"]
[PlyCount "33"]
[EventDate "2017.??.??"]
[WhiteTeam "SK KÃ¶nigsspringer Iserlohn 1"]
[BlackTeam "SG Porz 2"]

1. e4 c5 2. Nf3 d6 3. d4 cxd4 4. Nxd4 Nf6 5. Nc3 a6 6. Be2 e6 7. O-O b5 8. a3
Bb7 9. Re1 Nbd7 10. Kh1 Rc8 11. Bd3 Be7 12. f4 Nc5 13. Qf3 h5 14. Be3 Qc7 15.
Rad1 g6 16. Bg1 e5 17. Nb3 {Handy} 1-0

[Event "SG Porz 2 - SK KÃ¶nigsspringer Iserlohn"]
[Site "Oberliga NRW 2016/2017"]
[Date "2017.01.22"]
[Round "5.6"]
[White "Fieberg, Samuel"]
[Black "Kind, Bertram"]
[Result "1-0"]
[WhiteElo "2175"]
[BlackElo "2166"]
[PlyCount "77"]
[EventDate "2017.??.??"]
[WhiteTeam "SG Porz 2"]
[BlackTeam "SK KÃ¶nigsspringer Iserlohn 1"]

1. e4 c5 2. Nf3 Nc6 3. d4 cxd4 4. Nxd4 Nf6 5. Nc3 e6 6. Ndb5 Bb4 7. a3 Bxc3+ 8.
Nxc3 d5 9. exd5 exd5 10. Bd3 O-O 11. O-O d4 12. Ne2 Bg4 13. Re1 Re8 14. Bg5 Qd6
15. Qd2 Bxe2 16. Bf4 Qd7 17. Bxe2 Ne4 18. Qd3 Qf5 19. g3 Qf6 20. Bf3 Nc5 21.
Qb5 g5 22. Qxc5 gxf4 23. gxf4 Kh8 24. Bxc6 bxc6 25. Rxe8+ Rxe8 26. Rd1 Rg8+ 27.
Kf1 Qh4 28. Qxd4+ f6 29. Rd3 h6 30. h3 c5 31. Qxc5 Qxf4 32. Qe3 Qh4 33. b3 Qh5
34. Qf4 Rf8 35. h4 Rf7 36. Rd8+ Kh7 37. Qe4+ f5 38. Qe8 Kg6 39. Rd7 1-0

[Event "SG Porz 2 - SK KÃ¶nigsspringer Iserlohn"]
[Site "Oberliga NRW 2016/2017"]
[Date "2017.01.22"]
[Round "5.7"]
[White "Klauke, Stefan"]
[Black "Wagenknecht, Uwe"]
[Result "0-1"]
[WhiteElo "2109"]
[BlackElo "2176"]
[PlyCount "92"]
[EventDate "2017.??.??"]
[WhiteTeam "SK KÃ¶nigsspringer Iserlohn 1"]
[BlackTeam "SG Porz 2"]

1. e4 c5 2. Nf3 g6 3. d4 cxd4 4. c3 d3 5. Bxd3 Bg7 6. O-O Nc6 7. c4 Nf6 8. Nc3
O-O 9. h3 d6 10. Be3 b6 11. Rc1 Bb7 12. Qe2 e6 13. Rfd1 Qe7 14. Bb1 Rfd8 15. a3
h6 16. b4 Kh7 17. Nb5 Ne8 18. c5 dxc5 19. bxc5 a6 20. Nd6 Nxd6 21. cxd6 Rxd6
22. Bxb6 Rxd1+ 23. Qxd1 Qxa3 24. Bc5 Qb2 25. Bd3 Rd8 26. Rb1 Qc3 27. Rxb7 Rxd3
28. Qe2 Rxf3 29. Qxf3 Qxc5 30. Qxf7 Qe5 31. Rc7 Nd4 32. Kh1 g5 33. Ra7 a5 34.
Kg1 a4 35. Rxa4 Qxe4 36. Ra7 Qg6 37. Qd7 Qf6 38. Ra6 Kg6 39. Qe8+ Qf7 40. Qb8
Qf4 41. Qb1+ Qf5 42. Qb7 h5 43. Ra7 Qf6 44. Qe4+ Kh6 45. Ra6 Qe5 46. Qb7 Qe1+
0-1

[Event "SG Porz 2 - SK KÃ¶nigsspringer Iserlohn"]
[Site "Oberliga NRW 2016/2017"]
[Date "2017.01.22"]
[Round "5.8"]
[White "Liard, Thibaud"]
[Black "Schwanbeck, Christoph"]
[Result "1-0"]
[WhiteElo "2129"]
[BlackElo "2070"]
[PlyCount "99"]
[EventDate "2017.??.??"]
[WhiteTeam "SG Porz 2"]
[BlackTeam "SK KÃ¶nigsspringer Iserlohn 1"]

1. d4 Nf6 2. c4 d6 3. Nf3 Nbd7 4. Nc3 g6 5. e4 Bg7 6. Be2 O-O 7. O-O e5 8. Be3
h6 9. h3 Kh7 10. Qc2 c6 11. Rfd1 Qe7 12. c5 dxc5 13. dxe5 Nxe5 14. Nxe5 Qxe5
15. f4 Qe7 16. e5 b6 17. Bf2 Nd5 18. Nxd5 cxd5 19. Bf3 Bf5 20. Qe2 f6 21. Bxd5
Rad8 22. e6 Rfe8 23. Bb3 Rd6 24. Rxd6 Qxd6 25. Rd1 Qxf4 26. e7 Qe5 27. Qxe5
fxe5 28. g4 Be4 29. Rd8 Bc6 30. Bd5 Bb5 31. Bc4 Bc6 32. Rd6 Bb7 33. Rd7 Bc8 34.
Rd8 Rxe7 35. Rxc8 e4 36. Bg3 e3 37. Kf1 Bxb2 38. Rc7 Bf6 39. Rxe7+ Bxe7 40. Bb8
Bd8 41. Ke2 h5 42. Bxa7 Kh6 43. Kxe3 Bc7 44. Ke4 hxg4 45. hxg4 Kg5 46. Kd5 Kxg4
47. Kc6 Bf4 48. Bxb6 g5 49. Bxc5 Kf3 50. Bd5+ 1-0

[Event "Klub KÃ¶lner SF 1 - Bahn-SC Wuppertal 1"]
[Site "Oberliga NRW 2016/2017"]
[Date "2017.01.22"]
[Round "5.1"]
[White "Savchenko, Vyacheslav"]
[Black "Strohhaeker, Raoul"]
[Result "1-0"]
[WhiteElo "2332"]
[BlackElo "2389"]
[PlyCount "137"]
[EventDate "2017.??.??"]
[WhiteTeam "Bahn-SC Wuppertal 1"]
[BlackTeam "Klub KÃ¶lner SF 1"]

1. e4 c5 2. Nf3 e6 3. d4 cxd4 4. Nxd4 Nc6 5. f4 d6 6. Nc3 Nf6 7. Be3 Be7 8. Qf3
Bd7 9. O-O-O Nxd4 10. Bxd4 Bc6 11. Bd3 Qa5 12. Kb1 b5 13. g4 b4 14. Ne2 O-O 15.
g5 Nd7 16. Rhg1 e5 17. Bf2 exf4 18. Nd4 Bb7 19. Qxf4 Ne5 20. Nf5 Rfe8 21. Bd4
Bc8 22. Bxe5 Bxf5 23. exf5 dxe5 24. Qe4 Bc5 25. Rge1 Rad8 26. g6 f6 27. Qh4 h6
28. Qc4+ Kh8 29. Be4 Bd4 30. Bc6 Rf8 31. Qb5 Qc7 32. Qb7 Qa5 33. Bd7 Rb8 34.
Qc6 Rfd8 35. Re4 Rf8 36. Rd3 Rb6 37. Qc4 Rd6 38. Be6 Qb6 39. a4 bxa3 40. Rb3
Qa5 41. Rxa3 Qb6 42. Rb3 Qa5 43. Qb4 Qd8 44. Qb7 Rb6 45. Rxb6 Bxb6 46. Qd7 Qb8
47. Rh4 Be3 48. Rc4 Bb6 49. Bd5 Rd8 50. Qc6 Rf8 51. h4 Qd8 52. Qb7 Re8 53. b4
Qd6 54. c3 Qf8 55. h5 Rb8 56. Qf7 Qd8 57. Kc2 a5 58. b5 Qd6 59. Rc6 Qd8 60. Re6
Bc5 61. Bc6 Qg8 62. Kb3 Be3 63. Re7 Bc5 64. Rd7 Rf8 65. Qxg8+ Rxg8 66. Ka4 Bb6
67. Rb7 Bc5 68. b6 Rc8 69. Rc7 1-0

[Event "Klub KÃ¶lner SF 1 - Bahn-SC Wuppertal 1"]
[Site "Oberliga NRW 2016/2017"]
[Date "2017.01.22"]
[Round "5.2"]
[White "Morawietz, Dieter"]
[Black "Savchenko, Aleksij"]
[Result "1/2-1/2"]
[WhiteElo "2381"]
[BlackElo "2238"]
[PlyCount "86"]
[EventDate "2017.??.??"]
[WhiteTeam "Klub KÃ¶lner SF 1"]
[BlackTeam "Bahn-SC Wuppertal 1"]

1. e4 c5 2. Nf3 d6 3. d4 cxd4 4. Nxd4 Nf6 5. Nc3 g6 6. Be3 Bg7 7. f3 Nc6 8. Qd2
O-O 9. Bc4 Bd7 10. Bb3 Qa5 11. O-O-O Rfc8 12. Kb1 Ne5 13. h4 Nc4 14. Bxc4 Rxc4
15. Nb3 Qc7 16. Bd4 Be6 17. h5 a5 18. a4 b5 19. Nxb5 Qb7 20. Nc3 Rb4 21. hxg6
hxg6 22. Qf2 Rc8 23. g4 Rxd4 24. Rxd4 Bxb3 25. cxb3 Qxb3 26. Rc1 Nd7 27. Nd5
Rxc1+ 28. Kxc1 e6 29. Ne7+ Kf8 30. Nc8 d5 31. exd5 exd5 32. Rd1 Bh6+ 33. f4
Qxa4 34. g5 Bg7 35. Qc2 Qxf4+ 36. Kb1 Qxg5 37. Qc7 Qf5+ 38. Ka2 Bf6 39. Qd6+
Kg7 40. Qxd5 Qc2 41. Rd2 Qxc8 42. Qxd7 Qc4+ 43. Kb1 Qf1+ 1/2-1/2

[Event "Klub KÃ¶lner SF 1 - Bahn-SC Wuppertal 1"]
[Site "Oberliga NRW 2016/2017"]
[Date "2017.01.22"]
[Round "5.3"]
[White "Khanukov, Boris"]
[Black "Wacker, Peter"]
[Result "0-1"]
[WhiteElo "2249"]
[BlackElo "2290"]
[PlyCount "110"]
[EventDate "2017.??.??"]
[WhiteTeam "Bahn-SC Wuppertal 1"]
[BlackTeam "Klub KÃ¶lner SF 1"]

1. d4 d5 2. c4 e6 3. Nc3 Nf6 4. cxd5 exd5 5. Bg5 Be7 6. e3 Nbd7 7. Bd3 c6 8.
Qc2 h6 9. Bh4 Nh5 10. Bxe7 Qxe7 11. Nge2 Nb6 12. h3 Bd7 13. O-O-O O-O-O 14. Kb1
Kb8 15. Rc1 g6 16. Ka1 Ng7 17. Ng3 Rhe8 18. Nce2 Nc8 19. Ng1 Nd6 20. Nf3 g5 21.
h4 Rh8 22. hxg5 hxg5 23. Ne5 Rh4 24. Rxh4 gxh4 25. Ne2 Qg5 26. Nf4 Ne6 27. Nf3
Qf6 28. Nxe6 Bxe6 29. Ne5 Qg7 30. Qb3 Ka8 31. Bf1 Bf5 32. a4 f6 33. Nf3 Qh7 34.
a5 Bg4 35. Nd2 a6 36. Qb6 Qd7 37. Rc3 Bd1 38. Qb4 Ne4 39. Nxe4 dxe4 40. Rc1 Bg4
41. Qb6 Rc8 42. Rc5 Be6 43. b3 f5 44. Re5 Bd5 45. Kb2 Qf7 46. Qb4 Qf8 47. Qxf8
Rxf8 48. Bc4 f4 49. Bxd5 cxd5 50. Rxd5 Rg8 51. Rh5 Rxg2 52. Rxh4 fxe3 53. Kc3
exf2 54. Rf4 e3 55. Kd3 Rg1 0-1

[Event "Klub KÃ¶lner SF 1 - Bahn-SC Wuppertal 1"]
[Site "Oberliga NRW 2016/2017"]
[Date "2017.01.22"]
[Round "5.4"]
[White "Helbig, Mark"]
[Black "Bashilin, Roman"]
[Result "1-0"]
[WhiteElo "2317"]
[BlackElo "2208"]
[Annotator "Daniel"]
[PlyCount "127"]
[EventDate "2017.??.??"]
[WhiteTeam "Klub KÃ¶lner SF 1"]
[BlackTeam "Bahn-SC Wuppertal 1"]

1. d4 Nf6 2. c4 g6 3. g3 Bg7 4. Bg2 O-O 5. Nc3 d6 6. Nf3 Nc6 7. d5 Na5 8. Nd2
c5 9. Rb1 Nd7 10. Qc2 Rb8 11. b3 a6 12. Bb2 b5 13. O-O Ne5 14. cxb5 axb5 15.
Nd1 Ba6 16. Ne3 Qb6 17. Kh1 Rfc8 18. Bh3 Rc7 19. Qe4 Bc8 20. g4 c4 21. Bd4 Qb7
22. Bxe5 Bxe5 23. bxc4 b4 $11 24. Nf3 Bg7 25. Rfc1 Qa7 26. Qf4 Bd7 27. Kg2 b3
28. axb3 Nxb3 29. Rd1 Rcb7 30. g5 Bxh3+ 31. Kxh3 Qa2 32. Re1 Bc3 33. Ng4 Bxe1
34. Rxe1 Qb2 35. e4 Nd4 36. Re3 Rb3 37. Nh6+ Kh8 38. Ne5 Rxe3+ 39. fxe3 Ne2 40.
Nexf7+ Kg7 41. Qf1 Qd2 42. Qf2 Rb3 43. Ng4 Rb1 44. Kg2 Qd1 45. Nd8 Qh1+ 46. Kh3
Qf1+ 47. Qxf1 Rxf1 48. e5 Nc3 49. Kg2 Rf5 50. Ne6+ Kh8 51. Nh6 dxe5 52. h4 Nd1
53. Nxf5 gxf5 54. Kf3 Nc3 55. h5 Ne4 56. c5 Kg8 57. g6 Nf6 58. c6 Nxd5 59. e4
fxe4+ 60. Kxe4 Nb6 61. Kxe5 hxg6 62. hxg6 Kh8 63. c7 Kg8 64. Kd4 1-0

[Event "Klub KÃ¶lner SF 1 - Bahn-SC Wuppertal 1"]
[Site "Oberliga NRW 2016/2017"]
[Date "2017.01.22"]
[Round "5.5"]
[White "Ries, Benjamin"]
[Black "Bayer, Ernst-Wolfgang"]
[Result "1-0"]
[WhiteElo "2184"]
[BlackElo "2251"]
[PlyCount "71"]
[EventDate "2017.??.??"]
[WhiteTeam "Bahn-SC Wuppertal 1"]
[BlackTeam "Klub KÃ¶lner SF 1"]

1. d4 f5 2. Nc3 Nf6 3. Bf4 d6 4. e3 g6 5. h4 h6 6. Qf3 Bg7 7. e4 O-O 8. e5 Nh5
9. Bc4+ Kh8 10. Qe3 Nxf4 11. Qxf4 c5 12. exd6 cxd4 13. Nb5 Nc6 14. O-O-O a6 15.
Nc7 Rb8 16. dxe7 Qxe7 17. Nf3 Qc5 18. Bb3 Bd7 19. Kb1 Rbc8 20. Ne6 Bxe6 21.
Bxe6 Rcd8 22. Bb3 d3 23. cxd3 Qxf2 24. Rd2 Qb6 25. Ng5 Nd4 26. Nf7+ Rxf7 27.
Bxf7 Qf6 28. Qc7 h5 29. Re1 Rf8 30. Bd5 Qxh4 31. g3 Qg5 32. Qf4 Qf6 33. Rh2 Nb5
34. Re6 Nc3+ 35. bxc3 Qxc3 36. Rxh5+ 1-0

[Event "Klub KÃ¶lner SF 1 - Bahn-SC Wuppertal 1"]
[Site "Oberliga NRW 2016/2017"]
[Date "2017.01.22"]
[Round "5.6"]
[White "Bonnmann, Reinhard"]
[Black "Auer, Martin"]
[Result "1-0"]
[WhiteElo "2243"]
[BlackElo "2167"]
[Annotator "Daniel"]
[PlyCount "50"]
[EventDate "2017.??.??"]
[WhiteTeam "Klub KÃ¶lner SF 1"]
[BlackTeam "Bahn-SC Wuppertal 1"]

1. d4 f5 2. g3 Nf6 3. Bg2 g6 4. c4 Bg7 5. Nc3 O-O 6. Nf3 d6 7. d5 c6 8. Nd4 Qb6
9. Nc2 Na6 10. O-O Nc5 11. Rb1 a5 12. Be3 Qa6 13. b3 Nce4 14. Nxe4 fxe4 15. Bd4
Bf5 16. Ne3 Bh6 17. Nxf5 gxf5 18. Bh3 cxd5 19. Bxf5 e5 20. Be3 Bxe3 21. fxe3
Qb6 22. Qd2 d4 23. Rbd1 d5 24. exd4 dxc4 25. bxc4 Rad8 {ZÃo} 1-0

[Event "Klub KÃ¶lner SF 1 - Bahn-SC Wuppertal 1"]
[Site "Oberliga NRW 2016/2017"]
[Date "2017.01.22"]
[Round "5.7"]
[White "Tueckmantel, Rene"]
[Black "Wisskirchen, Andreas"]
[Result "1/2-1/2"]
[WhiteElo "2093"]
[BlackElo "2176"]
[PlyCount "47"]
[EventDate "2017.??.??"]
[WhiteTeam "Bahn-SC Wuppertal 1"]
[BlackTeam "Klub KÃ¶lner SF 1"]

1. d4 Nf6 2. Bf4 d5 3. e3 e6 4. Nd2 Bd6 5. Bg3 O-O 6. Ngf3 c5 7. c3 b6 8. Ne5
Ba6 9. Bxa6 Nxa6 10. Qe2 Nb8 11. O-O Qc7 12. f4 Nbd7 13. Bh4 b5 14. Rac1 Qb7
15. g4 Rac8 16. g5 Ne4 17. Nxe4 dxe4 18. Nxd7 Qxd7 19. Qg2 Qb7 20. Rfd1 c4 21.
Be1 Qd5 22. Bd2 a5 23. a3 Qf5 24. Rf1 1/2-1/2